Contos (Registo nº 156)

Detalhes MARC
000 -Etiqueta do registo
Cabeçalho 00831nam0a22002771 4500
005 - Identificador da versão
Campo de controlo 20240813121756.0
010 ## - Número internacional normalizado dos livros (ISBN)
Número (ISBN) 9723802422
021 ## - Número do Depósito Legal
Código do país PT
100 ## - Dados gerais de processamento
Dados gerais de processamento 20150529d2001 a e0pory5003 ba
102 ## - Pais de publicação ou produção
País de publicação Portugal
101 0# - Língua de publicação
Língua do texto, banda sonora, etc. Português
215 ## - Descrição física 
Indicação específica da natureza do documento e extensão da espécie 268, [4] p.
200 1# - Titulo e menção de responsabilidade
Título próprio Contos
Primeira menção de responsabilidade Eça de Queiroz
Outras menções de responsabilidade fixação do texto e notas de Helena Cidade Moura
225 2# - Colecção 
Título próprio da colecção Obras de Eça de Queiroz
Indicação de volume 9
210 ## - Publicação, Distribuição, etc. 
Lugar da edição, distribuição, etc. Lisboa
Nome do editor, distribuidor, etc. Livros do Brasil
Data da publicação, distribuição, etc. 2001
300 ## - Notas gerais 
Texto da nota Metas Curriculares
Texto da nota Plano Nacional de Leitura
606 ## - Nome comum usado como assunto
Número de registo de entrada de autoridade 0002010
Palavra de ordem Literatura portuguesa
Subdivisão de assunto Conto
Código do sistema CA
675 ## - Classificação Decimal Universal (CDU)
Notação 821.134.3-34
Edição 3ª ed.
Língua da edição por
702 #1 - Nome de autor-pessoa física (responsabilidade secundária)
Número de registo de entrada de autoridade 0002236
Palavra de ordem Moura
Outra parte do nome não tomada para palavra de ordem Helena Cidade
Código de função Editor literário / Coordenador
700 #0 - Nome de autor-pessoa física (responsabilidade principal)
Número de registo de entrada de autoridade 0002235
Palavra de ordem Queirós
Outra parte do nome não tomada para palavra de ordem Eça de
Datas 1845-1900
966 ## - Identificação da Biblioteca
Sigla EB2,3ENM
942 ## - Elementos de entrada adicionados (Koha)
Tipo de item no Koha Livro
Exemplares
Situação do levantamento Origin of item (home branch) (coded) Biblioteca de empréstimo Código de barras Cota Circulation type (not for loan) Tipo de documento Nota do exemplar Damaged status
  Biblioteca Escolar Eng. Nuno Mergulhão Biblioteca Escolar Eng. Nuno Mergulhão BENM544 82LP-34 QUE MET PNL   Livro Sem mensagem